Thiến và thụ tinh vật nuôi

Cuốn " Thiến và thụ tinh vật nuôi trình bày cách thiến và thụ tinh cho gia súc nhằm phát triển chăn nuôi, tăng số lượng đàn con, nâng cao chất lượng sản phẩm vật nuôi và thu lợi nhuận cao.

Đã lưu trong:
书目详细资料
主要作者: Chu, Thị Thơm
格式: 图书
语言:Undetermined
出版: Hà Nội Lao động 2006
主题:
标签: 添加标签
没有标签, 成为第一个标记此记录!
Thư viện lưu trữ: Trung tâm Học liệu Trường Đại học Cần Thơ
LEADER 00912nam a2200217Ia 4500
001 CTU_104263
008 210402s9999 xx 000 0 und d
020 |c 14000 
082 |a 636.08245 
082 |b Th463 
100 |a Chu, Thị Thơm 
245 0 |a Thiến và thụ tinh vật nuôi 
245 0 |c Chu Thị Thơm, Phan Thị Lài, Nguyễn Văn Tó 
260 |a Hà Nội 
260 |b Lao động 
260 |c 2006 
520 |a Cuốn " Thiến và thụ tinh vật nuôi trình bày cách thiến và thụ tinh cho gia súc nhằm phát triển chăn nuôi, tăng số lượng đàn con, nâng cao chất lượng sản phẩm vật nuôi và thu lợi nhuận cao. 
650 |a Animal breeding,Domestic animals 
650 |x Artificial insemination 
904 |i Minh 
980 |a Trung tâm Học liệu Trường Đại học Cần Thơ